Textes en langue timucua avec traduction analytique (Record no. 3756)

MARC details
000 -CABECERA
campo de control de longitud fija 00711nam a2200241 a 4500
001 - NÚMERO DE CONTROL
campo de control BRCA_4032
005 - FECHA Y HORA DE LA ÚLTIMA TRANSACCIÓN
campo de control 20190320204524.0
008 - DATOS DE LONGITUD FIJA--INFORMACIÓN GENERAL
campo de control de longitud fija 080210s1890----fr-#######---#000-0#fre-#
041 ## - CÓDIGO DE LENGUA
Código de lengua del texto/banda sonora o título independiente fre
044 ## - CÓDIGO DEL PAÍS DE LA ENTIDAD EDITORA/PRODUCTORA
Código MARC del país fr
050 #4 - SIGNATURA TOPOGRÁFICA DE LA BIBLIOTECA DEL CONGRESO
Número de clasificación F319
Número de documento/Ítem .G38 1890
100 1# - ENTRADA PRINCIPAL--NOMBRE DE PERSONA
Nombre de persona Gatschet, Albert
9 (RLIN) 10477
245 10 - MENCIÓN DE TÍTULO
Título Textes en langue timucua avec traduction analytique
Mención de responsabilidad, etc. par Albert Gatschet et Raoul de la Grasserie.
260 ## - PUBLICACIÓN, DISTRIBUCIÓN, ETC.
Lugar de publicación, distribución, etc. Paris
Nombre del editor, distribuidor, etc. J. Maisonneuve
Fecha de publicación, distribución, etc. 1890
300 ## - DESCRIPCIÓN FÍSICA
Extensión 27 p.
Dimensiones 23 cm.
500 ## - NOTA GENERAL
Nota general Extrait de la ´Revue de linguistique´
500 ## - NOTA GENERAL
Nota general C117
650 14 - PUNTO DE ACCESO ADICIONAL DE MATERIA--TÉRMINO DE MATERIA
Término de materia o nombre geográfico como elemento de entrada Timucuas
9 (RLIN) 10478
650 14 - PUNTO DE ACCESO ADICIONAL DE MATERIA--TÉRMINO DE MATERIA
Término de materia o nombre geográfico como elemento de entrada Indios de Florida
Subdivisión general Lenguas
9 (RLIN) 10479
700 1# - PUNTO DE ACCESO ADICIONAL--NOMBRE DE PERSONA
Nombre de persona Grasserie, Raoul de la
Término indicativo de función/relación cout
9 (RLIN) 10480
902 ## - CATALOGADOR
Iniciales GFM
942 ## - ELEMENTOS DE PUNTO DE ACCESO ADICIONAL (KOHA)
Fuente del sistema de clasificación o colocación Library of Congress Classification
Tipo de ítem Koha Libros
Holdings
Estado de retiro Estado de pérdida Estado dañado No para préstamo Localización permanente Ubicación/localización actual Fecha de adquisición Número de inventario Total de préstamos Signatura topográfica completa Código de barras Fecha visto por última vez Precio válido a partir de Tipo de ítem Koha
El ejemplar forma parte de la colección y puede ser consultado según las políticas vigentes.       Biblioteca del Museo Franz Mayer (Rogerio Casas-Alatriste) Biblioteca del Museo Franz Mayer (Rogerio Casas-Alatriste) 08/02/2010 C117   F319 .G38 1890 (C117) 4029 22/03/2019 22/03/2019 Libros